00534nam a2200193 a 4500001001300000003000900013005001700022008004100039020001000080082001600090100002000106245008100126260003600207300000900243500003500252505001300287650002000300700002000320nice12345678IN_TiNIC20260116011405.0050524s1962 neta grp 000 0 eng  ac10000a297.2bJEF1 aJeffery, Arthur aReader on Islamb Passages from Standard Arabic Writings Illustrative of the aNetherlandbMouton & Co.,c1962 a678p aincludes index and biblioraphy2 aglossary aIslam-Doctrines1 aJeffery, Arthur